| 000 | 01536cam a2200385 a 4500 | ||
|---|---|---|---|
| 001 | 14726051 | ||
| 005 | 20090623074013.0 | ||
| 008 | 070206s2007 enk |rb 001 0 eng | ||
| 010 | _a 2007005418 | ||
| 015 |
_aGBA687722 _2bnb |
||
| 015 |
_aGBA687723 _2bnb |
||
| 016 | 7 |
_a013578191 _2Uk |
|
| 016 | 7 |
_a013578192 _2Uk |
|
| 016 | _a2008014778X | ||
| 020 | _a9780415414630 (pbk.) | ||
| 035 | _a(OCoLC)ocm73954633 | ||
| 040 |
_aDLC _cDLC _dUKM _dBAKER _dBTCTA _dBWKUK _dYDXCP _dBWK _dNLGGC _dNLC _dDLC |
||
| 050 | 0 | 0 |
_aJC423 _b.B56 2007 |
| 055 | 0 | 1 | _aJC423 |
| 055 | 0 | 0 |
_aJC423 _bB43 2007 |
| 082 | 0 | 0 |
_a321.8 _222 _bBIR |
| 084 |
_a89.35 _2bcl |
||
| 100 | 1 |
_aBirch, Anthony Harold. _913158 |
|
| 245 | 1 | 4 |
_aThe Concepts and Theories of Modern Democracy / _cAnthony H. Birch. |
| 250 | _a3rd ed. | ||
| 260 |
_aLondon ; _aNew York : _bRoutledge, 2007 _c2007. |
||
| 300 |
_avi, 315 p. ; _c24 cm. |
||
| 504 | _aIncludes bibliographical references (p. [293]-303) and indexes. | ||
| 650 | 0 |
_aDemocracy. _913159 |
|
| 856 | 4 | 1 |
_3Table of contents only _uhttp://www.loc.gov/catdir/toc/ecip0710/2007005418.html |
| 856 | 4 | 2 |
_3Publisher description _uhttp://www.loc.gov/catdir/enhancements/fy0731/2007005418-d.html |
| 942 |
_2ddc _cBB |
||
| 999 |
_c13792 _d13792 |
||